<?xml version="1.0" encoding="UTF-8"?>
<collection xmlns="http://www.loc.gov/MARC21/slim">
 <record>
  <leader>00808nam a22002291  4500</leader>
  <controlfield tag="001">1/15357</controlfield>
  <controlfield tag="008">990316s        gr                  gre d</controlfield>
  <datafield tag="020" ind1=" " ind2=" ">
   <subfield code="a">0880240210</subfield>
  </datafield>
  <datafield tag="035" ind1=" " ind2=" ">
   <subfield code="l">15851</subfield>
  </datafield>
  <datafield tag="040" ind1=" " ind2=" ">
   <subfield code="a">GR-PeUP</subfield>
  </datafield>
  <datafield tag="082" ind1="0" ind2="0">
   <subfield code="a">330.016 BU</subfield>
  </datafield>
  <datafield tag="245" ind1="0" ind2="0">
   <subfield code="a">Marketing II :</subfield>
   <subfield code="b">product, price, place &amp; promotion /</subfield>
   <subfield code="c">Compited by James W. Dean and Richard schwindt</subfield>
  </datafield>
  <datafield tag="260" ind1=" " ind2=" ">
   <subfield code="a">Durham :</subfield>
   <subfield code="b">Eno River Press ,</subfield>
   <subfield code="c">1981</subfield>
  </datafield>
  <datafield tag="300" ind1=" " ind2=" ">
   <subfield code="a">221 p. ;</subfield>
   <subfield code="c">21 cm.</subfield>
  </datafield>
  <datafield tag="490" ind1="1" ind2=" ">
   <subfield code="a">Business Administration Reading Lists and Course Outlines ;</subfield>
  </datafield>
  <datafield tag="650" ind1=" " ind2="4">
   <subfield code="a">Economics.</subfield>
  </datafield>
  <datafield tag="650" ind1=" " ind2="4">
   <subfield code="a">Prices.</subfield>
  </datafield>
  <datafield tag="650" ind1=" " ind2="4">
   <subfield code="a">Marketing.</subfield>
  </datafield>
  <datafield tag="700" ind1="1" ind2=" ">
   <subfield code="a">Dean, James W.</subfield>
   <subfield code="e">ed.</subfield>
  </datafield>
  <datafield tag="700" ind1="1" ind2=" ">
   <subfield code="a">Schwindt, Richard,</subfield>
   <subfield code="e">ed.</subfield>
  </datafield>
  <datafield tag="830" ind1=" " ind2=" ">
   <subfield code="a">Business Administration Reading Lists and Course Outlines ;</subfield>
   <subfield code="v">9</subfield>
  </datafield>
  <datafield tag="852" ind1=" " ind2=" ">
   <subfield code="a">INST</subfield>
   <subfield code="b">UNIPILB</subfield>
   <subfield code="c">MAIN</subfield>
   <subfield code="e">20040709</subfield>
   <subfield code="h">330.016 BU</subfield>
   <subfield code="p">00131837</subfield>
   <subfield code="q">00131837</subfield>
   <subfield code="t">LOAN</subfield>
   <subfield code="v">v.9:</subfield>
   <subfield code="y">0</subfield>
   <subfield code="z">v.9</subfield>
   <subfield code="4">1</subfield>
  </datafield>
 </record>
</collection>
